Normal view
MARC view
Entry Topical Term
001 - CONTROL NUMBER
- control field: 13464
003 - CONTROL NUMBER IDENTIFIER
- control field: BD-RjUL
005 - DATE AND TIME OF LATEST TRANSACTION
- control field: 20240903135427.0
008 - FIXED-LENGTH DATA ELEMENTS
- fixed length control field: 240903|| aca||aabn | a|a d
040 ## - CATALOGING SOURCE
- Original cataloging agency: BD-RjUL
- Transcribing agency: BD-RjUL
150 ## - HEADING--TOPICAL TERM
- Topical term or geographic name entry element: Fisheries
- Geographic subdivision: Bangladesh
670 ## - SOURCE DATA FOUND
- Source citation: Work cat.: (BD-RjUL)83971: Rehena, Zinnat 13463, Prospect of Fishes and Fisheries (Capture and Culture) Status of Sirajgonj District /, 2008